[Event "Fyn-ch"]
[Site "Odense"]
[Date "2008.02.21"]
[Round "5"]
[White "Lindenskov, Bjarne"]
[Black "Kjeldsen, Anton"]
[Result "1-0"]
[WhiteElo "1804"]
[BlackElo "1655"]
[PlyCount "55"]
[EventDate "2008.01.10"]
[EventType "swiss"]
[EventRounds "7"]
[EventCountry "DEN"]
[SourceTitle "EXT 2018"]
[Source "ChessBase"]
[SourceDate "2017.10.13"]
[SourceVersion "1"]
[SourceVersionDate "2017.10.13"]
[SourceQuality "1"]

1. d4 Nf6 2. c4 e6 3. Nf3 g6 4. Nc3 Bg7 5. g3 0-0 6. Bg2 a6 7. 0-0 c6 8. e4 d5 9. e5 Ne8 10. Be3 dxc4 11. a4 Nc7 12. Qd2 c5 13. Bh6 cxd4 14. Ne4 Nc6 15. Bxg7 Kxg7 16. Nd6 f6 17. exf6+ Qxf6 18. Nxc4 Rb8 19. Rae1 Rf7 20. Nfe5 Nxe5 21. Nxe5 Re7 22. Ng4 Qf7 23. Qxd4+ Kf8 24. Re3 Qg7 25. Qd8+ Ne8 26. Ne5 b5 27. Rc1 Bd7 28. Qxb8 1-0

[Event "Fyn-ch"]
[Site "Odense"]
[Date "2008.02.14"]
[Round "4"]
[White "Caceres, Cipriano Sande"]
[Black "Kjeldsen, Anton"]
[Result "0-1"]
[WhiteElo "1502"]
[BlackElo "1655"]
[PlyCount "112"]
[EventDate "2008.01.10"]
[EventType "swiss"]
[EventRounds "7"]
[EventCountry "DEN"]
[SourceTitle "EXT 2018"]
[Source "ChessBase"]
[SourceDate "2017.10.13"]
[SourceVersion "1"]
[SourceVersionDate "2017.10.13"]
[SourceQuality "1"]

1. c4 Nf6 2. Nc3 e6 3. Nf3 g6 4. g3 Bg7 5. Bg2 0-0 6. 0-0 c5 7. e3 d6 8. d4 Na6 9. a3 Nc7 10. Rb1 Rb8 11. Qe2 a6 12. Rd1 Qe7 13. b4 cxd4 14. exd4 d5 15. c5 Bd7 16. Bf4 Rbc8 17. Bd6 Qe8 18. Ne5 Bb5 19. Qa2 Nd7 20. Bxf8 Kxf8 21. Nxb5 Nxb5 22. Qb2 b6 23. a4 Nxe5 24. dxe5 Na7 25. cxb6 Nc6 26. f4 Kg8 27. Bf1 Nb8 28. b5 axb5 29. Bxb5 Qe7 30. Rbc1 Rc5 31. Rxc5 Qxc5+ 32. Qd4 Qc2 33. Rd2 Qc1+ 34. Kg2 Bf8 35. Qd3 Bc5 36. Rc2 Qg1+ 37. Kh3 h5 38. a5 Kg7 39. Rg2 Qa1 40. Qc3 Qxc3 41. b7 Qxa5 42. Be2 Qb6 43. g4 hxg4+ 44. Kxg4 Qxb7 45. h4 d4 46. Bf3 Qb1 47. Kh3 Be7 48. Bg4 Qh1+ 49. Rh2 Qe1 50. Kg2 Bxh4 51. Rh3 Qf2+ 52. Kh1 Bg3 53. Be2 Qe1+ 54. Kg2 Qxe2+ 55. Kxg3 Qe3+ 56. Kg4 Qxh3+ 0-1